| 000 | 00807cam a22002417a 4500 | ||
|---|---|---|---|
| 020 | _a0073018961 (pbk. : acid free paper) | ||
| 020 | _a0073022632 | ||
| 050 | 0 | 0 |
_aR725.5 _b.J83 2006 |
| 100 | 1 |
_aJudson, Karen, _d1941- |
|
| 245 | 1 | 0 |
_aLaw and ethics for medical careers / _cKaren Judson, Carlene Harrison, Sharon Hicks. |
| 250 | _a4th ed. | ||
| 260 |
_aBoston : _bMcGraw-Hill, Higher Education, _cc2006. |
||
| 300 | _axviii, 350 p. : | ||
| 500 | _aIncludes index. | ||
| 650 | 0 | _xProfessional ethics. | |
| 650 | 0 | _xLegal status, laws, etc. | |
| 650 | 2 | 2 | _xeducation |
| 700 | 1 | _aHarrison, Carlene. | |
| 700 | 1 | _aHicks, Sharon, | |
| 856 | 4 | 2 | _uhttp://www.loc.gov/catdir/enhancements/fy0665/2006530825-d.html |
| 856 | 4 | 1 | _uhttp://www.loc.gov/catdir/enhancements/fy0665/2006530825-t.html |
| 942 | _cGEN | ||
| 999 |
_c1506 _d1506 |
||